Statistics for 130 Emo Bands

Click here to take the quiz!

General Stats

  • This quiz has been taken 35 times
  • The average score is 10 of 130

Answer Stats

HintAnswer% Correct
American Football
63%
Jimmy Eat World
52%
Sunny Day Real Estate
44%
Brand New
41%
Taking Back Sunday
37%
Thursday
37%
Mineral
33%
Dashboard Confessional
30%
Modern Baseball
30%
Rites Of Spring
30%
Boys kissing boyyyssscaP'n Jazz
26%
Jawbreaker
26%
POV: She didn't text back in 10 minutesMom Jeans.
26%
The Get Up Kids
22%
The Hotelier
22%
Orchid
19%
Saosin
19%
Saves The Day
19%
The Front Bottoms
19%
The Promise Ring
19%
At The Drive-In
15%
Free Throw
15%
We don't like this oneMcCafferty
15%
Say Anything
15%
Texas Is The Reason
15%
The Appleseed Cast
15%
Quite a mouth fullThe World Is A Beautiful Place And I Am
No Longer Afraid To Die
15%
Their first album is their best, I wont debateTigers Jaw
15%
Death Cab For Cutie
11%
Indian Summer
11%
Sorority Noise
11%
Tiny Moving Parts
11%
Title Fight
11%
Bayside
7%
Braid
7%
Brave Bird
7%
Foxing
7%
Joyce Manor
7%
Marietta
7%
This one tooMerchant ships
7%
Microwave
7%
Moss Icon
7%
Old Gray
7%
Does anybody listen to these guys?Remo Drive
7%
Saetia
7%
Slaughter Beach, Dog
7%
The Brave Little Abacus
7%
Algernon Cadwallader
4%
Boys Life
4%
They should be on SpotifyCamping In Alaska
4%
Christie Front Drive
4%
Dikembe
4%
Elliott
4%
Far
4%
Funeral For A Friend
4%
Hospital Bracelet
4%
Hot Mulligan
4%
I Hate Myself
4%
Joan Of Arc
4%
They should also be on SpotifyMidwest Pen Pals
4%
Motion City Soundtrack
4%
Owen
4%
Owls
4%
Rainer Maria
4%
Snowing
4%
Sport.
4%
Straylight Run
4%
Worst Party Ever
4%
Aesthetics Across The Color Line
0%
Archipiélagos
0%
Awakebutstillinbed
0%
Bedbug
0%
Brandtson
0%
Calendar Year
0%
Canadian Sailor
0%
Caracara
0%
Carly Cosgrove
0%
Crying
0%
Curse League
0%
Dads
0%
Dogleg
0%
Honestly the most beautiful thingDowsing
0%
Empire! Empire! (I Was A Lonely Estate)
0%
Fakeholder
0%
Futbolín
0%
Gilt
0%
Glass Beach
0%
Glocca Morra
0%
I'm 90% sure this is an emo band but idkGuitar Fight From Fooly Cooly
0%
Harmony Woods
0%
He Was Eaten By Owls
0%
Home Is Where
0%
Insignificant Other
0%
The only one on here that is was actually
appropriate for me to capitalize every word
Jeff Rosenstock
0%
Joshua Fit For Battle
0%
Just Neighbors
0%
Lingua Nada
0%
Lobsterfight
0%
Look Mexico
0%
Majorly
0%
Mechanical canine
0%
Narradelphia
0%
Ogbert The Nerd
0%
Oldeye
0%
Oolong
0%
Pill Friends
0%
Polvo
0%
Precious Little Life
0%
Quality Time
0%
Really From
0%
Record Setter
0%
Rookie Card
0%
Sandboxing
0%
Shell Of A Shell
0%
Short Fictions
0%
Sleepy Dog
0%
Slow Burning Daydream
0%
Spielbergs
0%
Spraynard
0%
Stormlight
0%
Swordfish
0%
Taking Meds
0%
The Hundred Acre Woods
0%
The One Up Downstairs
0%
This Is Pointless
0%
Trafaret
0%
Under His Eye
0%
Weatherday
0%
Western Daughter
0%
Young Jesus
0%

Score Distribution

Percentile by Number Answered

Percent of People with Each Score

Your Score History

You have not taken this quiz